| 000 | 00773cam a2200229 a 4500 | ||
|---|---|---|---|
| 001 | 000034093 | ||
| 005 | 20200930070752.0 | ||
| 008 | 910708s1999 fr b 000 0aspa d | ||
| 040 |
_aDO-SdBNP _bspa _cBNPHU _dBNPD |
||
| 041 | 1 | 7 |
_aspa _hfre |
| 082 |
_a927.44 _aR864c |
||
| 100 | 1 |
_aRousseau, J. J., _q(Jean-Jacques) _d1712-1778. _913758 |
|
| 240 | 1 | 0 |
_aConfessions. _lEspañol |
| 245 | 1 | 0 |
_aLas confesiones / _cJ. J. Rousseau ; estudios preliminar de Jorge Zalamea. |
| 260 |
_aEspaña : _bConacuta Oseano, _c1999. |
||
| 300 |
_a601 p. ; _c21 cm. |
||
| 500 | _aIncluye notas al pie de las páginas | ||
| 600 | 1 | 0 |
_aROUSSEAU, JEAN-JACQUES, _d1712-1778. _95447 |
| 650 | 4 |
_aAutores _zFrancia _ySIGLO XVIII _vBIOGRAFÍA _913759 |
|
| 700 | 1 |
_aSalamea, Jorge _959526 |
|
| 049 | _aBNGR | ||
| 999 |
_c33584 _d33584 |
||